Multiple-Choice-State Quiz New York - Statistics

General Stats
  • This quiz has been taken 11 times
  • The average score is 8 of 10
Answer Stats
Question Answer % Correct
New York was one of the ... colonies 13
100%
What is the 2nd biggest city in New York? Buffalo
100%
And which two of the Great Lakes are connected there? Erie and Ontario
100%
What was New York called under the rule of the Netherlands? New Amsterdam
100%
What is the Flag of New York?
89%
What is the Motto of New York? Exelsior
78%
Which of These states doesnt border New York? New Hampshire
78%
How is the City at the Niagara Falls Calwer? Niagara Falls
67%
Which of These Canarias provinces border New York? Quebec
67%
Since when is New York a part of the United States? 1788
11%
No matching quizzes found
Score Distribution
Percent of People with Each Score
Percentile by Number Answered
Your Score History
You have not taken this quiz